| 000 | 02356nam a22002297a 4500 | ||
|---|---|---|---|
| 008 | 250516b |||||||| |||| 00| 0 eng d | ||
| 020 | _a9791035825720 | ||
| 040 | _ctbs | ||
| 041 |
_aspa _afre |
||
| 050 |
_aPQ6653 _bH57 B84 2022 |
||
| 100 |
_aChirbes, Rafael _d1949-2015 _925264 _eauthor |
||
| 245 |
_aLa buena letra _c/ Rafael Chirbes. |
||
| 260 |
_aParis : _bBelin Éducation, _c2022. |
||
| 300 |
_a204 pages ; _c19 cm. |
||
| 490 |
_aNo tan clásicos, _v2822-8480. |
||
| 505 | _aMarginal vocabulary notes (in French and Spanish) — A comprehensive file to understand the work, its characters, major themes, and its context — Quizzes to memorize the essentials in a playful manner — Activities to improve in English, thanks to the text of an exceptional author — Contains exercises in the form of quizzes. The work is accompanied by a downloadable pedagogical guide at belin-education.com. | ||
| 520 | _aAu soir d'une existence meurtrie par la guerre civile espagnole, Ana répond à l'amnésie historique par le récit de sa vie, qu'elle livre à son fils. En raccomodant les fragments de sa mémoire familiale, elle règle ses comptes avec tous ceux qui, de leur plus belle écriture, trahissent les leurs. Ces souvenirs de lutte et d'efforts incessants qui ont composé sa vie l'emplissent d'amertume autant qu'ils en réhabilitent la dignité | ||
| 520 | _aAl atardecer de una existencia marcada por la guerra civil española, Ana responde a la amnesia histórica con el relato de su vida, que entrega a su hijo. Al recomponer los fragmentos de su memoria familiar, salda cuentas con todos aquellos que, con su más bella caligrafía, traicionan a los suyos. Estos recuerdos de lucha y de esfuerzos constantes que conformaron su vida la llenan de amargura tanto como le devuelven la dignidad. | ||
| 520 | _aAt the twilight of a life scarred by the Spanish Civil War, Ana responds to historical amnesia by recounting her life story, which she shares with her son. As she pieces together the fragments of her family memory, she settles accounts with all those who, in their finest handwriting, betray their own. These memories of struggle and relentless effort that shaped her life fill her with bitterness, even as they restore her dignity. | ||
| 650 | 0 |
_aSpanish language _xStudy and teaching _xForeign speakers _912080 |
|
| 942 | _2lcc | ||
| 999 |
_c4677 _d4677 |
||